Statistics for One Piece Yonko

Click here to take the quiz!

General Stats

  • This quiz has been taken 2,478 times
  • The average score is 5 of 5

Answer Stats

Answer% Correct
Charlotte Linlin
99%
Shanks
99%
Kaido
98%
Marshall D Teach
96%
Edward Newgate
94%

Score Distribution

Percentile by Number Answered

Percent of People with Each Score

Your Score History

You have not taken this quiz